00907nam a2200229 a 450000100100000000500170001000800410002702000150006804000250008308200130010824500830012126000410020430000280024550001170027359000270039070000310041770000310044870000320047970000380051195201110054999900170066000004737620201002060516.0180510s1978 dr a 000 0 spa d a8439983298 aDO-SdBNPbspacBNPHU axxxbxxx03aLa matematica en la vida diaria :b5to. grado /cConstantino Marcos...[et.al]. aSanto Domingo, :bDisesabSM,c1978. a239 p. :bil. ;c22 cm. aAdaptao para la República Dominicana por Andres Aristides Fulcar Berigüette y Luis Humberto Monsanto Pérez aInventariado, 2018/ YL1 aMarcos, Constantino9750251 aMartínez, Jacinto9750261 aFulcar B., Aristides9750271 aMonsanto Pérez, Humberto975028 0010718PDaPDbPDcCTd2018-05-10iLF1l0oxxx xxxp47376-10r2020-06-25w2020-06-25yLFPDZNo se presta c46864d46864